Prijatie čelných predstaviteľov DPO SR

Bibliographic Details
Main Author: Horváth, Vendelín (Author)
Format: Article
Language:Slovak
PhysicalDescription:Fotogr.
ISSN:0231-617X
Subjects:

MARC

LEADER 00000nab a2200000 a 4500
001 vtls009146918
003 SK-MaSNL
005 20260303044008.0
008 140617c2007 xo sr|p|||||||000 b|slo
015 |a SNBRB2007/10  |2 snkbucl 
038 |a SNKBUCL 
040 |a SNKBUCL  |b slo  |c SNKBUCL  |e AACR2 
041 0 |a slo 
044 |a xo  |c SK 
080 |a 614.842.83  |x (437.6)  |2 2001 
100 1 |a Horváth, Vendelín  |4 aut  |9 386746 
245 1 0 |a Prijatie čelných predstaviteľov DPO SR  |c Vendelín Horváth 
300 |b Fotogr. 
610 2 7 |a Dobrovoľná požiarna ochrana Slovenskej republiky  |2 snkbucl  |9 35688 
773 0 |t Požiarnik  |g Roč. LXXXIV, č. 9 (2007), s. 6  |x 0231-617X 
852 |a SNK  |b KIS3GCP 
958 |a SK 
999 |c 1698950  |d 1700880